All Lord of the Rings and The Hobbit Characters-B - Statistics

General Stats
  • This quiz has been taken 27 times
    23 since last reset
  • The average score is 9 of 30
Answer Stats
Times Mentioned Answer % Correct
770 Bilbo Baggins
100%
55 Bombur
67%
15 Bifur
56%
18 Bofur
56%
229 Boromir
56%
85 Balin
44%
50 Bard
33%
75 Barliman Butterbur
33%
56 Beorn
33%
67 Beregond
33%
11 Bob
33%
5 Bolg
33%
3 Brand
33%
1 Bain
22%
1 Barahir
22%
2 Beechbone
22%
3 Belladonna Took
22%
10 Beren
22%
15 Bergil
22%
28 Bert
22%
18 Bill Ferny
22%
19 Bill the Pony
22%
3 Brego
22%
3 Bungo Baggins
22%
4 Baldor
11%
1 Baranor
11%
19 Bregalad
11%
4 Bullroarer Took
11%
2 Barley
0%
1 Beruthiel
0%
No matching quizzes found
Score Distribution
Percent of People with Each Score
Percentile by Number Answered
Your Score History
You have not taken this quiz since the last reset